000 00423cam a2200181ua 4500
020 _c3.50
041 _ahin
_h
082 _a891.54
_bMOH/LA
100 _aMohan, Rakesh .
245 _aLaharom ke rajhams /
_cMohan Rakesh.
_hTextual Documents
250 _a1 /
_b.
260 _aDelhi :
_bRajkamal Prakash ,
_c1963.
300 _a140 ; .
365 _a3.50
504 _a
942 _cBK
999 _c8095
_d8095